Normal view
MARC view
- Boys, Howard
Entry Personal Name
001 - CONTROL NUMBER
- control field: 57576
003 - CONTROL NUMBER IDENTIFIER
- control field: NUST
005 - DATE AND TIME OF LATEST TRANSACTION
- control field: 20210628201942.0
008 - FIXED-LENGTH DATA ELEMENTS
- fixed length control field: 210628|| aca||aabn | a|a d
040 ## - CATALOGING SOURCE
- Original cataloging agency: NUST
- Transcribing agency: NUST
100 ## - HEADING--PERSONAL NAME
- Personal name: Boys, Howard
670 ## - SOURCE DATA FOUND
- Source citation: Work cat.: (NUST): Boys, Howard, Transistor circuits for radio controlled modelsboys, howard, 1961
